000 00763nam a2200253 a 4500
001 60724
003 BD-RjUL
005 20211209080857.0
008 170103s1979 nyu b 000 0 eng
020 _a0385131984
035 _a(BD-RjUL)60848
040 _aBD-RjUL
_beng
_cBD-RjUL
_dBD-RjUL
041 _aeng
082 _a305.420973
_223
_bHOO 1979
090 _aGR304.5
_b.S53
100 1 _aHope,Karol
_9180924
245 1 0 _aOut of the frying pan :
_ba decade of change in women's lives /
_cKarol Hope and Nancy Young.
260 _aGarden City, N.Y. :
_bAnchor Press/Doubleday,
_c1979
300 _axviii,263 p. ;
_c18 cm.
650 _aFeminism
_zUnited States
_9181180
700 _aYoung, Nancy
_9181480
942 _2ddc
_cBK
999 _c60724
_d60724